000 00730cam a2200265 4500500
005 20260405003520.0
041 _afre
042 _adc
100 1 0 _aLarmagnac-Matheron, Octave
_eauthor
245 0 0 _aLe travail, c’est l’horaire ?
260 _c2022.
500 _a41
690 _aDifférences
690 _aEmploi
690 _aFemme
690 _aHomme/Femme
690 _aInégalités
690 _aLutte des classes
690 _aOuvrier
690 _aSalaire
690 _aTemps
690 _aTravail
786 0 _nPhilosophie magazine | 160 | 6 | 2022-06-01 | p. 8-8 | 1951-1787
856 4 1 _uhttps://shs.cairn.info/magazine-philosophie-magazine-2022-6-page-8?lang=fr&redirect-ssocas=7080
999 _c2068275
_d2068275